[Event "RM-2022-0-00273"]
[Site "LSS email"]
[Date "2022.11.17"]
[Round "?"]
[White "Susla, Vitaliy"]
[Black "Sinka, Istvan"]
[Result "1-0"]
[WhiteElo "2299"]
[BlackElo "2412"]
[PlyCount "49"]
[EventDate "2022.08.14"]
[EventType "tourn (corr)"]
[EventRounds "6"]
[EventCountry "GER"]
[SourceTitle "Corr 2024"]
[Source "ChessBase"]
[SourceDate "2023.10.19"]
[SourceVersion "1"]
[SourceVersionDate "2023.10.19"]
[SourceQuality "1"]

1. d4 Nf6 2. c4 g6 3. Nc3 Bg7 4. e4 d6 5. h3 0-0 6. Bg5 c5 7. d5 e6 8. Bd3 exd5 9. cxd5 Re8 10. Nf3 c4 11. Bc2 b5 12. 0-0 a6 13. Qd2 Nbd7 14. a3 Nc5 15. Rfe1 Qb6 16. Be3 a5 17. Bd4 Nfd7 18. Bxg7 Kxg7 19. Qe3 Nf6 20. Nd4 Bd7 21. f4 Qb7 22. e5 dxe5 23. Ndxb5 Nd3 24. Bxd3 cxd3 25. Nd6 1-0

[Event "RM-2022-0-00273"]
[Site "LSS email"]
[Date "2022.11.15"]
[Round "?"]
[White "Sinka, Istvan"]
[Black "Ozen, Bahadir"]
[Result "1/2-1/2"]
[WhiteElo "2412"]
[BlackElo "2256"]
[PlyCount "54"]
[EventDate "2022.08.14"]
[EventType "tourn (corr)"]
[EventRounds "6"]
[EventCountry "GER"]
[SourceTitle "Corr 2024"]
[Source "ChessBase"]
[SourceDate "2023.10.19"]
[SourceVersion "1"]
[SourceVersionDate "2023.10.19"]
[SourceQuality "1"]

1. e4 e5 2. Nf3 Nc6 3. Bb5 a6 4. Ba4 Nf6 5. 0-0 Be7 6. Re1 b5 7. Bb3 0-0 8. a4 b4 9. a5 d6 10. c3 Rb8 11. Bc4 d5 12. exd5 Nxd5 13. h3 h6 14. d4 Be6 15. Bxa6 bxc3 16. Nxc3 exd4 17. Nxd5 Bxd5 18. Nxd4 Bb4 19. Nxc6 Bxc6 20. Rf1 Qxd1 21. Rxd1 Ra8 22. Bc4 Rxa5 23. Bf4 Rc8 24. Rac1 Be8 25. Be2 c6 26. Bf3 Ra7 27. Rc4 Bf8 1/2-1/2

[Event "RM-2022-0-00271"]
[Site "LSS email"]
[Date "2022.10.24"]
[Round "?"]
[White "Sinka, Istvan"]
[Black "Ozen, Bahadir"]
[Result "1/2-1/2"]
[WhiteElo "2420"]
[BlackElo "2257"]
[PlyCount "65"]
[EventDate "2022.06.20"]
[EventType "tourn (corr)"]
[EventRounds "6"]
[EventCountry "GER"]
[SourceTitle "Corr 2024"]
[Source "ChessBase"]
[SourceDate "2023.10.19"]
[SourceVersion "1"]
[SourceVersionDate "2023.10.19"]
[SourceQuality "1"]

1. e4 e5 2. Nf3 Nc6 3. d4 exd4 4. Bc4 Nf6 5. e5 d5 6. Bb5 Ne4 7. Nxd4 Bc5 8. Be3 0-0 9. Nxc6 bxc6 10. Bxc5 Nxc5 11. Bxc6 Rb8 12. Qxd5 Qe7 13. 0-0 Rxb2 14. Nc3 Rd8 15. Qf3 Ne6 16. Be4 Ng5 17. Qg3 Nxe4 18. Nxe4 Rxc2 19. Nf6+ Kh8 20. Nh5 Rg8 21. Qe3 Re8 22. Rfe1 Qc5 23. Qg3 Rg8 24. Rad1 h6 25. Rd8 Bg4 26. Rxg8+ Kxg8 27. Nf6+ Kh8 28. Nxg4 Rc1 29. Rf1 Rxf1+ 30. Kxf1 Qc1+ 31. Ke2 Qc2+ 32. Kf3 Qc6+ 33. Ke3 1/2-1/2

[Event "RM-2022-0-00264"]
[Site "LSS email"]
[Date "2022.05.10"]
[Round "?"]
[White "Sinka, Istvan"]
[Black "Ozen, Bahadir"]
[Result "1/2-1/2"]
[WhiteElo "2430"]
[BlackElo "2260"]
[PlyCount "61"]
[EventDate "2022.03.07"]
[EventType "tourn (corr)"]
[EventRounds "6"]
[EventCountry "GER"]
[SourceTitle "Corr 2024"]
[Source "ChessBase"]
[SourceDate "2023.10.19"]
[SourceVersion "1"]
[SourceVersionDate "2023.10.19"]
[SourceQuality "1"]

1. Nf3 d5 2. d4 Nf6 3. c4 e6 4. g3 Bb4+ 5. Bd2 Be7 6. Bg2 0-0 7. 0-0 c6 8. Qc2 b6 9. Rd1 Nbd7 10. b3 h6 11. Bc3 Bb7 12. Nbd2 Qc7 13. Bb2 Rac8 14. Rac1 dxc4 15. Nxc4 c5 16. dxc5 Bxc5 17. Qd2 Rfd8 18. Qf4 Qxf4 19. gxf4 Ne4 20. e3 Be7 21. Nd4 Ndc5 22. f3 Nd6 23. Ne5 Nf5 24. Nxf5 exf5 25. Bf1 Bf6 26. Kf2 Rxd1 27. Rxd1 Ba6 28. Bxa6 Nxa6 29. Rd2 Bxe5 30. Bxe5 f6 31. Bb2 1/2-1/2

[Event "RM-2022-0-00259"]
[Site "LSS email"]
[Date "2022.02.20"]
[Round "?"]
[White "Sinka, Istvan"]
[Black "Ozen, Bahadir"]
[Result "1/2-1/2"]
[WhiteElo "2436"]
[BlackElo "2320"]
[PlyCount "48"]
[EventDate "2022.02.04"]
[EventType "tourn (corr)"]
[EventRounds "6"]
[EventCountry "GER"]
[SourceTitle "Corr 2024"]
[Source "ChessBase"]
[SourceDate "2023.10.19"]
[SourceVersion "1"]
[SourceVersionDate "2023.10.19"]
[SourceQuality "1"]

1. Nf3 d5 2. g3 g6 3. d4 Nf6 4. Bg2 Bg7 5. 0-0 0-0 6. c4 c6 7. b3 dxc4 8. bxc4 c5 9. Bb2 cxd4 10. Nxd4 Qb6 11. Qc1 Bd7 12. Nd2 Nc6 13. Nc2 Rac8 14. Rb1 Qc7 15. Ne3 b6 16. Bc3 e5 17. Qb2 Rfe8 18. Rbc1 Nd4 19. Rfe1 Ba4 20. Nb3 Nf5 21. Nxf5 gxf5 22. Nd2 Qd6 23. Nf1 Bc6 24. Red1 Qe6 1/2-1/2

[Event "OP-2022-0-05252"]
[Site "LSS email"]
[Date "2022.02.14"]
[Round "?"]
[White "Sinka, Istvan"]
[Black "Koehler, Hans Christian"]
[Result "1-0"]
[WhiteElo "2436"]
[BlackElo "1409"]
[PlyCount "45"]
[EventDate "2022.02.03"]
[EventType "tourn (corr)"]
[EventRounds "4"]
[EventCountry "GER"]
[SourceTitle "Corr 2024"]
[Source "ChessBase"]
[SourceDate "2023.10.19"]
[SourceVersion "1"]
[SourceVersionDate "2023.10.19"]
[SourceQuality "1"]

1. e4 e5 2. f4 exf4 3. Bc4 Qh4+ 4. Kf1 d6 5. Nc3 Nf6 6. Nf3 Qh6 7. d4 Be7 8. Kg1 c6 9. e5 dxe5 10. Nxe5 0-0 11. Qf3 Nbd7 12. Bxf4 Qh5 13. Re1 Qxf3 14. gxf3 Bb4 15. Kf2 Nb6 16. Bb3 Nbd5 17. Bd2 Bf5 18. Rhg1 Bg6 19. Nxd5 Nxd5 20. Bxb4 Nxb4 21. Nxg6 hxg6 22. Rxg6 Rfe8 23. Reg1 1-0

[Event "HUN-chT2 Erkel 1718"]
[Site "Hungary"]
[Date "2018.02.18"]
[Round "8.4"]
[White "Sinka, Istvan"]
[Black "Kahn, Evarth"]
[Result "1-0"]
[WhiteElo "2241"]
[BlackElo "2245"]
[PlyCount "93"]
[EventDate "2017.09.24"]
[EventType "team-tourn"]
[EventRounds "11"]
[EventCountry "HUN"]
[SourceTitle "EXT 2021"]
[Source "ChessBase"]
[SourceDate "2020.10.23"]
[SourceVersion "1"]
[SourceVersionDate "2020.10.23"]
[SourceQuality "1"]
[WhiteTeam "Jaszbereny"]
[BlackTeam "Szigetszentmiklos"]
[WhiteTeamCountry "HUN"]
[BlackTeamCountry "HUN"]

1. Nf3 Nf6 2. d4 g6 3. Nc3 d5 4. Bg5 Bg7 5. e3 0-0 6. Bd3 c5 7. 0-0 cxd4 8. exd4 Nc6 9. h3 Qb6 10. Bxf6 exf6 11. Na4 Qc7 12. Qd2 Bd7 13. Nc3 Qa5 14. a3 f5 15. Bb5 Rfd8 16. Bxc6 bxc6 17. Rfe1 c5 18. Rad1 Rab8 19. Nxd5 Qxd2 20. Rxd2 cxd4 21. Nxd4 Re8 22. Rxe8+ Rxe8 23. c3 Re1+ 24. Kh2 Kf8 25. f4 h6 26. g3 Bxd4 27. Rxd4 Re2+ 28. Kg1 Rxb2 29. Rb4 Ra2 30. Rb7 Be6 31. c4 Rxa3 32. Kf2 a5 33. Ra7 a4 34. Nb6 Rb3 35. Nxa4 Bxc4 36. Nc5 Rb2+ 37. Ke3 Rg2 38. Kd4 Ba2 39. g4 fxg4 40. hxg4 g5 41. Ke5 gxf4 42. Kf6 Kg8 43. Ra8+ Kh7 44. Nd7 Bd5 45. Nf8+ Kg8 46. Rd8 Rxg4 47. Ng6+ 1-0

[Event "HUN-chT2 Erkel 1718"]
[Site "Hungary"]
[Date "2017.10.08"]
[Round "2.4"]
[White "Gombocz, Zsolt"]
[Black "Sinka, Istvan"]
[Result "1/2-1/2"]
[WhiteElo "2101"]
[BlackElo "2241"]
[PlyCount "35"]
[EventDate "2017.09.24"]
[EventType "team-tourn"]
[EventRounds "11"]
[EventCountry "HUN"]
[SourceTitle "EXT 2021"]
[Source "ChessBase"]
[SourceDate "2020.10.23"]
[SourceVersion "1"]
[SourceVersionDate "2020.10.23"]
[SourceQuality "1"]
[WhiteTeam "Budapest MAFC"]
[BlackTeam "Jaszbereny"]
[WhiteTeamCountry "HUN"]
[BlackTeamCountry "HUN"]

1. d4 Nf6 2. c4 e5 3. d5 Bc5 4. e3 d6 5. Nc3 a5 6. Bd3 0-0 7. Nge2 c6 8. 0-0 cxd5 9. cxd5 Qe7 10. Ng3 g6 11. h3 Na6 12. a3 Ne8 13. e4 Qh4 14. Kh2 Ng7 15. f4 f5 16. exf5 gxf5 17. Qe2 e4 18. Bc4 1/2-1/2

[Event "HUN-chT2 Erkel 1718"]
[Site "Hungary"]
[Date "2017.09.24"]
[Round "1.5"]
[White "Lengyel, Istvan"]
[Black "Sinka, Istvan"]
[Result "0-1"]
[WhiteElo "1971"]
[BlackElo "2241"]
[PlyCount "68"]
[EventDate "2017.09.24"]
[EventType "team-tourn"]
[EventRounds "11"]
[EventCountry "HUN"]
[SourceTitle "EXT 2021"]
[Source "ChessBase"]
[SourceDate "2020.10.23"]
[SourceVersion "1"]
[SourceVersionDate "2020.10.23"]
[SourceQuality "1"]
[WhiteTeam "Salgotarjan"]
[BlackTeam "Jaszbereny"]
[WhiteTeamCountry "HUN"]
[BlackTeamCountry "HUN"]

1. e4 e6 2. d4 d5 3. Nc3 Bb4 4. e5 c5 5. a3 Bxc3+ 6. bxc3 Ne7 7. Nf3 Nbc6 8. Be2 Qa5 9. Qd2 Bd7 10. Rb1 cxd4 11. cxd4 Qxd2+ 12. Bxd2 b6 13. 0-0 Nf5 14. c3 Na5 15. Bd3 Rc8 16. g4 Ne7 17. Bb5 Bxb5 18. Rxb5 Nc4 19. a4 h5 20. g5 Nxd2 21. Nxd2 Rxc3 22. a5 bxa5 23. Nb3 0-0 24. Nxa5 Nf5 25. Nb3 Rfc8 26. Rd1 h4 27. Rc5 R8xc5 28. Nxc5 h3 29. Kf1 Kh7 30. Rd3 Rxd3 31. Nxd3 Nxd4 32. Nf4 a5 33. Ke1 Nf3+ 34. Kd1 Nxg5 0-1

[Event "HUN-chT2 Erkel 1617"]
[Site "Hungary"]
[Date "2016.11.13"]
[Round "4.6"]
[White "Fordan, Tibor"]
[Black "Sinka, Istvan"]
[Result "1/2-1/2"]
[WhiteElo "2181"]
[BlackElo "2248"]
[PlyCount "134"]
[EventDate "2016.09.25"]
[EventType "team-tourn"]
[EventRounds "11"]
[EventCountry "HUN"]
[SourceTitle "EXT 2021"]
[Source "ChessBase"]
[SourceDate "2020.10.23"]
[SourceVersion "1"]
[SourceVersionDate "2020.10.23"]
[SourceQuality "1"]
[WhiteTeam "Budapest EAC"]
[BlackTeam "Jaszbereny"]
[WhiteTeamCountry "HUN"]
[BlackTeamCountry "HUN"]

1. d4 d5 2. c4 Bf5 3. Nc3 e6 4. cxd5 exd5 5. Bf4 c6 6. Nf3 Nf6 7. e3 Be7 8. Bd3 Bxd3 9. Qxd3 0-0 10. 0-0 Nh5 11. Bxb8 Rxb8 12. Rab1 f5 13. b4 Bd6 14. b5 g5 15. bxc6 bxc6 16. Rxb8 Bxb8 17. Rb1 g4 18. Ne5 Bxe5 19. dxe5 Qc7 20. Ne2 Qxe5 21. Nd4 c5 22. Nc6 Qe4 23. Qxd5+ Qxd5 24. Ne7+ Kf7 25. Nxd5 Ke6 26. Nc3 Rf7 27. Kf1 Nf6 28. Ke2 Ne4 29. Rc1 Nxc3+ 30. Rxc3 Kd5 31. Rc2 c4 32. Kd2 Rf6 33. Kc3 Ra6 34. Kb4 Rb6+ 35. Kc3 Rb1 36. Rd2+ Kc5 37. Rd4 Rc1+ 38. Kb2 Rh1 39. Kc3 Rxh2 40. Rf4 Rxg2 41. Rxf5+ Kd6 42. Kxc4 Rh2 43. Kd4 h5 44. e4 h4 45. a4 h3 46. Ke3 Rg2 47. Rh5 h2 48. a5 a6 49. Kf4 Ke6 50. Rh6+ Kf7 51. e5 Kg7 52. Rh4 Kg6 53. e6 Kf6 54. Rh6+ Ke7 55. Ke3 Kd6 56. Kf4 Rxf2+ 57. Kxg4 Ra2 58. Kg3 Ke7 59. Rxh2 Rxh2 60. Kxh2 Kxe6 61. Kg3 Kd5 62. Kf3 Kc4 63. Ke3 Kb4 64. Kd3 Kxa5 65. Kc3 Kb5 66. Kb2 a5 67. Ka2 Ka4 1/2-1/2

[Event "RM-2011-0-00088"]
[Site "LSS email"]
[Date "2012.02.08"]
[Round "?"]
[White "Sinka, Istvan"]
[Black "Nemec, Zdenek"]
[Result "0-1"]
[WhiteElo "2396"]
[BlackElo "2228"]
[PlyCount "74"]
[EventDate "2011.12.02"]
[EventType "tourn (corr)"]
[EventRounds "6"]
[EventCountry "GER"]
[SourceTitle "Telechess CBM 155"]
[Source "ChessBase"]
[SourceDate "2013.07.16"]
[SourceVersion "1"]
[SourceVersionDate "2013.07.16"]
[SourceQuality "1"]

1. d4 d5 2. Nc3 Nf6 3. Bg5 c6 4. Qd3 Qa5 5. Bd2 Na6 6. Rc1 g6 7. f3 Bg7 8. e4 Nb4 9. Qe3 dxe4 10. Nxe4 Nfd5 11. Qe2 Qxa2 12. c4 Qxb2 13. cxd5 Nc2+ 14. Rxc2 Qxc2 15. dxc6 Qxc6 16. Qd3 0-0 17. h4 Rd8 18. Ne2 a5 19. h5 Bf5 20. g4 Bxe4 21. fxe4 a4 22. hxg6 Qxg6 23. Bc3 a3 24. Bg2 a2 25. Ba1 b5 26. Rh3 Bxd4 27. Nxd4 e5 28. Qxb5 exd4 29. Rh5 Rab8 30. Qa5 Rb1+ 31. Ke2 Rc8 32. Rg5 Rxa1 33. Rxg6+ hxg6 34. Kf3 d3 35. e5 d2 36. Qxd2 Rf1+ 37. Bxf1 a1Q 0-1

[Event "RM-2011-0-00088"]
[Site "LSS email"]
[Date "2012.02.08"]
[Round "?"]
[White "Sinka, Istvan"]
[Black "Szabo, Mihaly"]
[Result "1/2-1/2"]
[WhiteElo "2396"]
[BlackElo "2222"]
[PlyCount "29"]
[EventDate "2011.12.02"]
[EventType "tourn (corr)"]
[EventRounds "6"]
[EventCountry "GER"]
[SourceTitle "Corr 2015"]
[Source "ChessBase"]
[SourceDate "2015.07.17"]
[SourceVersion "1"]
[SourceVersionDate "2015.07.17"]
[SourceQuality "1"]

1. d4 Nf6 2. Nc3 d5 3. Bg5 Nbd7 4. Qd3 h6 5. Bh4 c5 6. dxc5 e6 7. 0-0-0 Be7 8. e4 Nxc5 9. Qd4 dxe4 10. Bb5+ Bd7 11. Bxf6 gxf6 12. Bxd7+ Qxd7 13. Qxd7+ Nxd7 14. Nxe4 Nc5 15. f3 1/2-1/2

[Event "Kecskemet Caissa IM 10"]
[Site "Kecskemet"]
[Date "2011.10.20"]
[Round "7"]
[White "Hajnal, Zoltan"]
[Black "Sinka, Istvan"]
[Result "1-0"]
[WhiteElo "2431"]
[BlackElo "2297"]
[PlyCount "69"]
[EventDate "2011.10.15"]
[EventType "tourn"]
[EventRounds "10"]
[EventCountry "HUN"]
[SourceTitle "EXT 2013"]
[Source "ChessBase"]
[SourceDate "2012.11.22"]
[SourceVersion "1"]
[SourceVersionDate "2012.11.22"]
[SourceQuality "1"]

1. e4 e6 2. d4 d5 3. Nc3 Bb4 4. e5 c5 5. Bd2 Ne7 6. Nb5 Bxd2+ 7. Qxd2 0-0 8. dxc5 Nd7 9. Qc3 Nc6 10. f4 f6 11. exf6 Qxf6 12. Qxf6 Rxf6 13. g3 Nxc5 14. Nf3 e5 15. Nxe5 Nxe5 16. fxe5 Re6 17. 0-0-0 Rxe5 18. Nc7 Rb8 19. Bg2 Ne4 20. Rxd5 Rxd5 21. Nxd5 Nd6 22. Re1 Bd7 23. Nf4 g5 24. Rd1 gxf4 25. Rxd6 Bf5 26. Rf6 Bg6 27. Rxf4 Rc8 28. c3 b6 29. h4 Kg7 30. g4 h5 31. g5 Re8 32. Kd2 Rd8+ 33. Rd4 Rf8 34. Rd7+ Kh8 35. Ke3 1-0

[Event "Kecskemet Caissa IM 10"]
[Site "Kecskemet"]
[Date "2011.10.16"]
[Round "2"]
[White "Sinka, Istvan"]
[Black "Hajnal, Zoltan"]
[Result "0-1"]
[WhiteElo "2297"]
[BlackElo "2431"]
[PlyCount "50"]
[EventDate "2011.10.15"]
[EventType "tourn"]
[EventRounds "10"]
[EventCountry "HUN"]
[SourceTitle "EXT 2013"]
[Source "ChessBase"]
[SourceDate "2012.11.22"]
[SourceVersion "1"]
[SourceVersionDate "2012.11.22"]
[SourceQuality "1"]

1. d4 d5 2. Bg5 h6 3. Bh4 c6 4. e3 Qb6 5. Qc1 e5 6. Nf3 e4 7. Nfd2 Be7 8. Bxe7 Nxe7 9. Be2 0-0 10. c4 f5 11. Nc3 Be6 12. 0-0 f4 13. c5 Qc7 14. b4 Nf5 15. Nb3 f3 16. gxf3 Nh4 17. fxe4 Qf7 18. Kh1 Bh3 19. f4 Qg6 20. Rf2 Bg2+ 21. Kg1 dxe4 22. Nd2 Nd7 23. Qe1 Nf6 24. b5 Bf3+ 25. Kf1 Ng4 0-1

[Event "Kecskemet Caissa IM 10"]
[Site "Kecskemet"]
[Date "2011.10.15"]
[Round "1"]
[White "Sinka, Istvan"]
[Black "Farkas, Tibor"]
[Result "0-1"]
[WhiteElo "2297"]
[BlackElo "2255"]
[PlyCount "80"]
[EventDate "2011.10.15"]
[EventType "tourn"]
[EventRounds "10"]
[EventCountry "HUN"]
[SourceTitle "EXT 2013"]
[Source "ChessBase"]
[SourceDate "2012.11.22"]
[SourceVersion "1"]
[SourceVersionDate "2012.11.22"]
[SourceQuality "1"]

1. d4 Nf6 2. Bg5 Ne4 3. Bf4 c5 4. f3 Qa5+ 5. c3 Nf6 6. d5 Qb6 7. Bc1 e6 8. c4 exd5 9. cxd5 c4 10. e3 Bc5 11. Kf2 0-0 12. Bxc4 d6 13. Ne2 Nbd7 14. Nbc3 Ne5 15. Na4 Qb4 16. b3 b5 17. a3 Qa5 18. Bd2 Bxe3+ 19. Bxe3 bxc4 20. bxc4 Nxc4 21. Bd4 Nxd5 22. Nac3 Re8 23. Nxd5 Qxd5 24. Re1 Bb7 25. Bc3 Qg5 26. Qc1 Qc5+ 27. Nd4 Rxe1 28. Qxe1 Nxa3 29. Rc1 a5 30. Kg1 a4 31. Qf2 Nc4 32. Rb1 Bc6 33. Nxc6 Qxc6 34. Qg3 Qc5+ 35. Kh1 Ne5 36. f4 Ng6 37. Rf1 Re8 38. f5 Re3 39. Bb4 Rxg3 40. Bxc5 Rd3 0-1

[Event "RM-2011-0-00078"]
[Site "LSS email"]
[Date "2011.08.30"]
[Round "?"]
[White "Szabo, Vilmos"]
[Black "Sinka, Istvan"]
[Result "1-0"]
[WhiteElo "2404"]
[BlackElo "2430"]
[PlyCount "91"]
[EventDate "2011.04.24"]
[EventType "tourn (corr)"]
[EventRounds "6"]
[EventCountry "GER"]
[SourceTitle "Telechess CBM 147"]
[Source "ChessBase"]
[SourceDate "2012.03.16"]
[SourceVersion "1"]
[SourceVersionDate "2012.03.16"]
[SourceQuality "1"]

1. e4 e6 2. d4 d5 3. Nc3 Bb4 4. e5 c5 5. a3 Bxc3+ 6. bxc3 Qa5 7. Bd2 Qa4 8. Qg4 g6 9. Nf3 Nc6 10. Be2 c4 11. 0-0 h6 12. Ra2 Bd7 13. Qh4 Nge7 14. Bg5 Nf5 15. Qh3 Rf8 16. Bf6 Qa5 17. g4 Qxc3 18. gxf5 Nxd4 19. Bd1 Nxf5 20. Ng5 Qxh3 21. Nxh3 Ba4 22. Nf4 Rg8 23. Bg4 Rc8 24. Rb1 b6 25. Rb4 b5 26. Kf1 d4 27. Rb1 Rc5 28. Rc1 Ne7 29. Ne2 Rd5 30. Ng3 Rd7 31. Ne4 Nd5 32. Bf3 g5 33. Rb2 g4 34. Bg2 Rg6 35. Bh4 Rc7 36. Nd6+ Kd7 37. Nxf7 a5 38. Nd6 Rc5 39. Re1 Rg8 40. Ne4 Rc7 41. Ra2 d3 42. cxd3 cxd3 43. Rd2 Bc2 44. Nf6+ Nxf6 45. exf6 Rc5 46. Be4 1-0

[Event "ST-2011-0-00082"]
[Site "LSS email"]
[Date "2011.05.11"]
[Round "?"]
[White "Sinka, Istvan"]
[Black "Bucek, Jiri"]
[Result "1/2-1/2"]
[WhiteElo "2421"]
[BlackElo "2449"]
[PlyCount "28"]
[EventDate "2011.01.15"]
[EventType "tourn (corr)"]
[EventRounds "6"]
[EventCountry "GER"]
[SourceTitle "Corr 2015"]
[Source "ChessBase"]
[SourceDate "2015.07.17"]
[SourceVersion "1"]
[SourceVersionDate "2015.07.17"]
[SourceQuality "1"]

1. e4 c5 2. Nf3 d6 3. d4 cxd4 4. Nxd4 Nf6 5. Nc3 a6 6. Bg5 e6 7. f4 Qb6 8. Qd2 Qxb2 9. Nb3 Qa3 10. Bxf6 gxf6 11. Be2 Nc6 12. 0-0 Bd7 13. Qe3 Rc8 14. Nb1 Qa4 1/2-1/2

[Event "ST-2011-0-00082"]
[Site "LSS email"]
[Date "2011.05.10"]
[Round "?"]
[White "Kovacs, Arthur"]
[Black "Sinka, Istvan"]
[Result "1-0"]
[WhiteElo "2432"]
[BlackElo "2421"]
[PlyCount "47"]
[EventDate "2011.01.15"]
[EventType "tourn (corr)"]
[EventRounds "6"]
[EventCountry "GER"]
[SourceTitle "Telechess CBM 157"]
[Source "ChessBase"]
[SourceDate "2013.11.12"]
[SourceVersion "1"]
[SourceVersionDate "2013.11.12"]
[SourceQuality "1"]

1. d4 Nf6 2. Nf3 c5 3. d5 b5 4. Bg5 Ne4 5. Bh4 Bb7 6. a4 Qa5+ 7. Nbd2 Bxd5 8. axb5 Qb6 9. e3 Nxd2 10. Nxd2 g6 11. Nb3 Bb7 12. Na5 d5 13. Be2 Bg7 14. 0-0 Nd7 15. c4 Bxb2 16. Nxb7 Qxb7 17. Bf3 e6 18. cxd5 Ne5 19. Be2 Bxa1 20. Qxa1 0-0 21. dxe6 Qd5 22. e7 Rfe8 23. Bf6 Nd7 24. Rd1 1-0

[Event "ST-2011-0-00082"]
[Site "LSS email"]
[Date "2011.05.10"]
[Round "?"]
[White "Sinka, Istvan"]
[Black "Heinsohn, Michael"]
[Result "1/2-1/2"]
[WhiteElo "2421"]
[BlackElo "2324"]
[PlyCount "91"]
[EventDate "2011.01.15"]
[EventType "tourn (corr)"]
[EventRounds "6"]
[EventCountry "GER"]
[SourceTitle "Telechess CBM 157"]
[Source "ChessBase"]
[SourceDate "2013.11.12"]
[SourceVersion "1"]
[SourceVersionDate "2013.11.12"]
[SourceQuality "1"]

1. e4 e6 2. d4 d5 3. Nc3 Bb4 4. exd5 exd5 5. Bd3 c6 6. Qf3 Nf6 7. Bg5 Be7 8. Nge2 Nbd7 9. 0-0-0 0-0 10. g4 b5 11. Ng3 Re8 12. Nf5 Bf8 13. Kb1 b4 14. Ne2 g6 15. Neg3 a5 16. Nh6+ Bxh6 17. Bxh6 Ba6 18. g5 Bxd3 19. cxd3 Nh5 20. Nxh5 gxh5 21. Qxh5 Qe7 22. Qg4 a4 23. Rc1 a3 24. b3 Qe2 25. Qxe2 Rxe2 26. Rc2 Rae8 27. Rhc1 Nb8 28. h4 Rxc2 29. Rxc2 Re1+ 30. Rc1 Rxc1+ 31. Kxc1 Na6 32. h5 Nc7 33. g6 hxg6 34. hxg6 fxg6 35. Bd2 Na6 36. Kd1 Kf7 37. Ke2 Kf6 38. Kf3 Kf5 39. Kg3 Nc7 40. Bxb4 Nb5 41. Bc5 Nc3 42. Bxa3 Nxa2 43. Kf3 g5 44. Ke3 Nc3 45. Be7 Nb5 46. f3 1/2-1/2

[Event "HUN-chT2 Erkel 1011"]
[Site "Hungary"]
[Date "2010.10.10"]
[Round "3.1"]
[White "Sinka, Istvan"]
[Black "Kormos, Adam"]
[Result "0-1"]
[WhiteElo "2327"]
[BlackElo "2250"]
[PlyCount "38"]
[EventDate "2010.09.12"]
[EventType "team-tourn"]
[EventRounds "11"]
[EventCountry "HUN"]
[SourceTitle "EXT 2012"]
[Source "ChessBase"]
[SourceDate "2011.11.24"]
[SourceVersion "1"]
[SourceVersionDate "2011.11.24"]
[SourceQuality "1"]
[WhiteTeam "Jaszbereny"]
[BlackTeam "Barcza"]
[WhiteTeamCountry "HUN"]
[BlackTeamCountry "HUN"]

1. d4 Nf6 2. Bg5 d5 3. Bxf6 gxf6 4. e3 c5 5. Nc3 Nc6 6. Qh5 cxd4 7. exd4 e6 8. 0-0-0 Bd7 9. f4 Qa5 10. Nge2 b5 11. f5 b4 12. Nb1 0-0-0 13. Qxf7 Bh6+ 14. Nd2 Qxa2 15. c4 b3 16. Nc3 Qa1+ 17. Ncb1 Nb4 18. Re1 Bxd2+ 19. Kxd2 Qxb2+ 0-1

[Event "HUN-chT2 Erkel 0910"]
[Site "Hungary"]
[Date "2010.03.21"]
[Round "8.2"]
[White "Sinka, Istvan"]
[Black "Molnar, Laszlo"]
[Result "1/2-1/2"]
[WhiteElo "2328"]
[BlackElo "2267"]
[PlyCount "26"]
[EventDate "2009.11.08"]
[EventType "team-tourn"]
[EventRounds "11"]
[EventCountry "HUN"]
[SourceTitle "EXT 2011"]
[Source "ChessBase"]
[SourceDate "2010.11.26"]
[SourceVersion "1"]
[SourceVersionDate "2010.11.26"]
[SourceQuality "1"]
[WhiteTeam "Jaszbereny"]
[BlackTeam "Ujszasz"]
[WhiteTeamCountry "HUN"]
[BlackTeamCountry "HUN"]

1. e4 e5 2. Nf3 Nc6 3. d4 exd4 4. Nxd4 Nf6 5. Nxc6 bxc6 6. e5 Qe7 7. Qe2 Nd5 8. c4 Ba6 9. Qe4 Nf6 10. Qe2 Nd5 11. Qe4 Nf6 12. Qe2 Nd5 13. Qe4 Nf6 1/2-1/2